ROA por álbumes - Statistics

General Stats
  • This quiz has been taken 7 times
  • The average score is 12 of 21
Answer Stats
Answer % Correct
ECLIPSE (ft. J Abdiel & Slayter)
83%
ETA
83%
ETA - Remix
83%
NEVER 2 LATE (ft. Yan Block)
83%
TATE QUIETA (ft. CDobleta)
83%
Freelance
67%
La Cura
67%
ME GUSTAS CC
67%
UuU 2 (ft. Hades66 & Luar La L)
67%
UuU (ft. Hades66)
67%
777
50%
Bellakeame
50%
FREELANCE 2.0 (ft.Amarion, Ankhal, Anubiis, CDobleta)
50%
PETITE
50%
11:12 - Interlude (ft. De La Rose)
33%
JETSKI
33%
Noche Pasajera
33%
NOCHE PASAJERA II (ft. Jay Wheeler)
33%
Y Si Te Llamo
33%
11:11 - Interlude
17%
JETSKI - Remix
17%
No matching quizzes found
Score Distribution
Percent of People with Each Score
Percentile by Number Answered
Your Score History
You have not taken this quiz